| 000 | 00595nam a22001817a 4500 | ||
|---|---|---|---|
| 003 | CEME | ||
| 005 | 20210628203057.0 | ||
| 008 | 210218b xxu||||| |||| 00| 0 eng d | ||
| 020 | _a81-7808-290-X | ||
| 040 | _c. | ||
| 082 | _a621.3821 DOR | ||
| 100 |
_aDornan, Andy _963184 |
||
| 245 | _aThe essential guide to wireless communications applications, from cellular systems to wap ams m-commerce | ||
| 260 |
_aINDIA _bPEARSON EDUCATION ASIA _c2001 |
||
| 300 | _aXVII,315P | ||
| 650 |
_aM-COMMERCE; CELLULAR SYSTEMS TO WAP AMS; WIRELESS COMMUNICATIONS APPLICATIONS _963185 |
||
| 942 |
_cBK _2ddc |
||
| 999 |
_c572087 _d572087 |
||